| 000 | 00407nam 22001453 4500 | ||
|---|---|---|---|
| 001 | 32593 | ||
| 090 | _a32593 | ||
| 100 | _a20260317d u||y0pory50 ba | ||
| 101 | _aeng | ||
| 200 |
_aSatellite Remote Sensing and GIS Applications in Agricultural Meteorology _eM.V.K. Sivakumar et al. |
||
| 210 |
_aGeneve _cWorld Metereological Organization _d2004 |
||
| 215 |
_a427 p. _d23 cm. |
||
| 317 | _5IM | ||
| 801 | _gISBD | ||
| 942 | _n0 | ||